| 000 | 00711nam a2200193 a 4500 | ||
|---|---|---|---|
| 008 | 110907s1974 ||||||||||||||||| || u | ||
| 020 | _a0812103734 | ||
| 050 | _aRB 155 Nor | ||
| 100 | _aFraser, F. Clarke | ||
| 245 | 1 | 0 |
_aMedical genetics: principles and practice _cJames J. Nora; F. Clarke Fraser |
| 260 |
_aPhiladelphia, PA: _bLea & Febiger _c1974 |
||
| 300 | _axii, 399p.: ill. | ||
| 350 | _a0.00 | ||
| 650 | 0 | _aGENETICS | |
| 650 | _aGENETICS, HUMAN | ||
| 650 | 0 | _aMEDICAL GENETICS | |
| 700 | _aNora, James J | ||
| 995 |
_aMEDICAL LIBRARY OPEN ACCESS _D0.00 _e900570 _FCBU-SCHOOL OF MEDICINE LIBRARY (Ndola) _H1 _I0.00 _jRB 155 NOR _M1 _UAVAILABLE _WOct 18, 2011 _y900570 _ZMedical Library Open Access Collection |
||
| 999 |
_c32026 _d32026 |
||